| 000 | 01386nam a2200337 i 4500 | ||
|---|---|---|---|
| 001 | 000048604 | ||
| 003 | DO-SdBNP | ||
| 005 | 20260303090147.0 | ||
| 007 | ta | ||
| 008 | 190402s2014 dr 000 0 spa d | ||
| 020 | _a9789945586091 | ||
| 040 |
_aDO-SdBNP _bspa _cBNPHU _erda |
||
| 082 | 4 |
_axxx _bA162al _222 |
|
| 100 | 1 |
_964208 _aAbreu Cardet, José Miguel, _d1951- _eautor |
|
| 245 | 1 | 4 |
_aLos alzamientos de Guayubín, Sabaneta y Montecristi : _bdocumentos / _cJosé M. Abreu Cardet, Elia Sintes Gómez ; Cuidado de edición, Eliades Acosta Matos. |
| 264 |
_aSanto Domingo : _bArchivo General de la Nación, _c2014. |
||
| 300 |
_a735 páginas ; _c27 cm. |
||
| 336 |
_ardacontent _btexto _2txt |
||
| 337 |
_ardamedia _bsin mediación _2n |
||
| 338 |
_ardacarrier _bvolumen _2nc |
||
| 490 |
_aArchivo General de la Nación; _v215 |
||
| 500 | _aIncluye datos biográficos de los autores en las solapas. | ||
| 500 | _aIncluye referencias bibliográficas y notas al pie de las páginas | ||
| 505 | 0 |
_aLos alzamientos de Guayubín, Sabaneta y Montecristi: Los preámbulos de la Restauración -- _tDocumentos -- _tÍndice onomástico -- |
|
| 590 | _aInventariado, 2019 / LP | ||
| 700 | 1 |
_aSintes Gómez, Elia, _d1956- _964210 |
|
| 700 | 1 |
_aAcosta Matos, Eliades, _d1959- _eeditor _974479 |
|
| 830 | 0 |
_aArchivo General de la Nación; _976056 _n15 |
|
| 910 | _aMFeliz | ||
| 942 |
_2ddc _cLBS1 |
||
| 999 |
_c48092 _d48092 |
||